Travel from Egypt to South Africa - Double Whammy - Statistics

General Stats
  • This quiz has been taken 21 times
  • The average score is 6 of 18
Answers on the Grid
Answers color-coded by a green-red scale on the quiz's grid according to % correct below.
Egypt
Libya
Mali
Chad
Algeria
Mauritania
Niger
Sierra Leone
Senegal
Togo
Ivory Coast
Guinea
Benin
Burkina Faso
Ghana
Nigeria
Sudan
Ethiopia
Cameroon
Central African Republic
South Sudan
Angola
Tanzania
Kenya
Zimbabwe
Zambia
Burundi
South Africa
Eswatini
Mozambique
 
Answer Stats
Answer % Correct
Egypt
100%
Libya
69%
Senegal
50%
Algeria
44%
Mauritania
44%
Guinea
38%
Kenya
31%
Burkina Faso
25%
Central African Republic
25%
Ivory Coast
25%
South Africa
25%
South Sudan
25%
Tanzania
25%
Zimbabwe
25%
Zambia
19%
Benin
13%
Cameroon
13%
Nigeria
13%
No matching quizzes found
Score Distribution
Percent of People with Each Score
Percentile by Number Answered
Your Score History
You have not taken this quiz